000 01209nam a2200349 i 4500
001 17125
003 KOSZ 005
005 20200421153109.0
008 010213s1976 pl d |000 0 pol
015 _aPB 1977/250
035 _a(OCoLC)830219748
040 _aWA N
_cWA N
_dKOSZ 005/HR
041 0 _apol
_ager
080 _a62
080 _a811.162.1:811.112.2'374
245 0 0 _aSłownik techniczny polsko-niemiecki =
_bPolnisch-deutsches technisches Wörterbuch /
_cpod red. Zbigniewa J. Kocha.
246 3 1 _aPolnisch-deutsches technisches Wörterbuch.
250 _aWyd. 3 z supl.
260 _aWarszawa :
_bWydawnictwa Naukowo-Techniczne,
_c1976.
300 _a721, [3], 90, [2] s. ;
_c22 cm.
380 _aKsiążki
658 _aInżynieria i technika
658 _aJęzykoznawstwo
650 4 _aTerminologia
650 4 _aTechnika
655 4 _aSłownik terminologiczny
655 4 _aSłownik polsko-niemiecki
710 2 _aWydawnictwa Naukowo-Techniczne
_4pbl.
700 1 _aKoch, Zbigniew Jan
_eRedakcja
856 _uhttp://koha.tu.koszalin.pl/cgi-bin/koha/opac-detail.pl?biblionumber=17125
_yKatalog online BPK
942 _2UKD
_cKS
999 _c17125
_d17125